Giáo trình quản lí giáo dục hòa nhập

Giáo dục hòa nhập. Quản lí giáo dục hòa nhập. Hỗ trợ quản lí giáo dục hòa nhập

Đã lưu trong:
Sonraí Bibleagrafaíochta
Príomhúdar: Nguyễn Xuân Hải
Formáid: Leabhar
Teanga:Vietnamese
Foilsithe: H. Đại học Sư phạm 2010
Ábhair:
Clibeanna: Cuir Clib Leis
Gan Chlibeanna, Bí ar an gcéad duine leis an taifead seo a chlibeáil!
Thư viện lưu trữ: Mạng thư viện Đại học Đà Nẵng
LEADER 01202nam a2200325 4500
001 000025377
003 21870
005 20171005161034.0
008 171005s2010 viesd
020 |c 30000 
041 0 |a vie 
082 1 4 |a 371.9046  |b NG-H 
100 1 |a Nguyễn Xuân Hải 
245 1 0 |a Giáo trình quản lí giáo dục hòa nhập  |c Nguyễn Xuân Hải  |k Giáo trình 
246 |a Giáo trình quản lý giáo dục hòa nhập 
260 |a H.  |b Đại học Sư phạm  |c 2010 
300 |a 163 tr.  |c 24 cm. 
520 3 |a Giáo dục hòa nhập. Quản lí giáo dục hòa nhập. Hỗ trợ quản lí giáo dục hòa nhập 
650 0 4 |a Giáo dục hòa nhập  |v Giáo trình 
653 |a Quản lý giáo dục 
OWN |a LSP 
AVA |a UDN50  |b LSP  |d 371.9046 NG-H  |e check_holdings  |t Error 5003 Not defined in file expand_doc_bib_avail.  |h N  |k 1 
999 |a From the UDN01 
AVA |a UDN50  |b LSP  |d 371.9046 NG-H  |e available  |t Error 5001 Not defined in file expand_doc_bib_avail.  |f 20  |g 4  |h N  |i 51  |k 1 
TYP |a Monograph 
TYP |a Printed language 
980 |a Mạng thư viện Đại học Đà Nẵng